| 000 | 01268cam a2200397 a 4500 | ||
|---|---|---|---|
| 001 | 1199655 | ||
| 003 | OSt | ||
| 005 | 20140310181956.0 | ||
| 008 | 980914r19991960nyu b 000 1 eng | ||
| 010 | _a 98037735 | ||
| 020 | _a0451527216 | ||
| 040 |
_aDLC _cDLC _dDLC |
||
| 043 | _ae-uk-en | ||
| 050 | 0 | 0 |
_aPR 4670 _b.El42 1994 |
| 082 | 0 | 0 |
_aKF El5o #3 _b1994 |
| 100 | 1 |
_aEliot, George, _d1819-1880. _94747 |
|
| 245 | 1 | 0 |
_aSilas Marner / _cGeorge Eliot ; with a new introduction by Frederick R. Karl. |
| 260 |
_aNew York : _bOxford University Press, _cc1994. |
||
| 300 |
_a89 p. ; _c17 cm. _bill. ; |
||
| 504 | _aIncludes bibliographical references (p. [185]-186). | ||
| 521 | _aFaculty. | ||
| 541 | _j1 | ||
| 541 | _j1 | ||
| 541 | _j1 | ||
| 541 | _j1 | ||
| 562 | _e3 | ||
| 650 | 0 |
_aFathers and daughters _vFiction. _94748 |
|
| 650 | 0 |
_aAdopted children _vFiction. _94749 |
|
| 650 | 0 |
_aFoundlings _vFiction. _94750 |
|
| 650 | 0 |
_aWeavers _vFiction. _94751 |
|
| 651 | 0 |
_aEngland _vFiction. _94752 |
|
| 655 | 7 |
_aDomestic fiction. _2lcsh _92796 |
|
| 906 |
_a7 _bcbc _corignew _d1 _eocip _f19 _gy-gencatlg |
||
| 942 |
_2lcc _cBK-KF _kKF |
||
| 999 |
_c7927 _d7927 |
||